| 000 | 00000nam 2200000za 4500 |
| 001 | 9.644068 |
| 003 | CaOODSP |
| 005 | 20220505163029 |
| 007 | cr ||||||||||| |
| 008 | 150407s2015||||xxc|||||o f|0| 0 fre d |
| 020 | |a978-0-660-23082-5 |
| 040 | |aCaOODSP|bfre |
| 043 | |an-cn--- |
| 086 | 1 |aHP40-128/2014F-PDF |
| 110 | 2 |aAgence de santé publique du Canada. |
| 245 | 10|aMise à jour des recommandations visant le calendrier d'immunisation relatif au vaccin contre le virus du papillome humain (VPH) |h[ressource électronique] |
| 246 | 1 |iEn tête du titre : |aDéclaration du comité consultatif (DCC), Comité consultatif national de l'immunisation (CCNI) |
| 260 | |aOttawa - Ontario : |bAgence de santé publique du Canada |cFévrier 2015. |
| 300 | |a34p.|bréférences, tableaux |
| 500 | |a«Une déclaration du comité consultatif (DCC), Comité consultatif national de l'immunisation (CCNI)» |
| 590 | |a15-10|b2015-03-06 |
| 691 | 07|aImmunisation|2gcpds |
| 775 | 08|tUpdate on the recommended Human Papilllomavirus (HPV) vaccine immunization schedule |w(CaOODSP)9.700165 |
| 856 | 40|ahttp://publications.gc.ca|qPDF|s830 Ko|uhttps://publications.gc.ca/collections/collection_2015/aspc-phac/HP40-128-2014-fra.pdf |
| 986 | |aPub. : 140392 |